[Event "GER-ch U25 op-C"]
[White "Rinke, Leonard"]
[Black "Neumann, Viktoria"]
[Site "Willingen"]
[Round "7"]
[Result "0-1"]
[Date "2024.05.23"]
[WhiteElo "906"]
[BlackElo "769"]
[PlyCount "146"]
[EventDate "2024.05.19"]
[EventType "swiss"]
[EventRounds "9"]
[EventCountry "GER"]
[SourceTitle "EXT 2025"]
[Source "ChessBase"]
[SourceDate "2024.10.14"]
[SourceVersion "1"]
[SourceVersionDate "2024.10.14"]
[SourceQuality "1"]

1. e4 d6 2. d4 Nf6 3. Nc3 g6 4. Bg5 Bg7 5. e5 Nfd7 6. Nf3 0-0 7. Bc4 dxe5 8. Nd5 Nc6 9. c3 f6 10. Nxf6+ Kh8 11. Nxd7 Bxd7 12. 0-0 Bg4 13. Be2 e4 14. Nh4 Bxe2 15. Qxe2 Qd5 16. Be3 e5 17. c4 Qe6 18. d5 Qf6 19. g3 Ne7 20. Qd2 Rfd8 21. Bg5 Qf7 22. Qb4 Bf6 23. Bxf6+ Qxf6 24. Qxb7 Rdc8 25. Rfe1 g5 26. Ng2 Qf3 27. Re3 Qf5 28. Qb4 Re8 29. d6 Nc6 30. Qc5 Qd7 31. dxc7 Qxc7 32. b4 Qb6 33. Qxb6 axb6 34. b5 Nd4 35. Rxe4 Nf3+ 36. Kh1 Nd2 37. Rg4 h6 38. h4 Rg8 39. f4 Rae8 40. fxg5 h5 41. Ne3 hxg4 42. Nxg4 Nxc4 43. Nf6 Na3 44. Nxe8 Rxe8 45. Rd1 Nxb5 46. Rb1 Nc3 47. Rxb6 Nxa2 48. Rh6+ Kg7 49. h5 e4 50. Rg6+ Kf7 51. Rf6+ Kg7 52. h6+ Kh7 53. Rf7+ Kg6 54. Rg7+ Kh5 55. h7 Rh8 56. g6 Kh6 57. Rg8 Rxh7 58. gxh7 Kxh7 59. Ra8 Nc3 60. Ra3 Nd5 61. Ra5 Nc3 62. Rc5 Nb1 63. Rb5 Nc3 64. Rb4 Kg6 65. Rc4 Kf5 66. Rxc3 Ke5 67. Kg2 Kd4 68. g4 Kxc3 69. g5 e3 70. Kf1 Kd2 71. g6 e2+ 72. Kg2 e1Q 73. g7 Qe8 0-1

[Event "GER-ch U25 op-C"]
[White "Neumann, Viktoria"]
[Black "Margaryan, Mari"]
[Site "Willingen"]
[Round "2"]
[Result "0-1"]
[Date "2024.05.19"]
[WhiteElo "769"]
[BlackElo "1070"]
[PlyCount "68"]
[EventDate "2024.05.19"]
[EventType "swiss"]
[EventRounds "9"]
[EventCountry "GER"]
[SourceTitle "EXT 2025"]
[Source "ChessBase"]
[SourceDate "2024.10.14"]
[SourceVersion "1"]
[SourceVersionDate "2024.10.14"]
[SourceQuality "1"]

1. d4 d5 2. Bf4 Nf6 3. e3 Bf5 4. Nf3 e6 5. Bd3 Bg6 6. c3 Bd6 7. Bg3 0-0 8. Qc2 Bxd3 9. Qxd3 Ne4 10. Qe2 f5 11. Ne5 Nd7 12. Nd2 c6 13. 0-0-0 Qc7 14. Nxd7 Qxd7 15. Nf3 b5 16. Bxd6 Qxd6 17. Ne5 a5 18. h4 b4 19. c4 a4 20. b3 Nc3 21. Qh5 Nxd1 22. Kxd1 axb3 23. axb3 Ra1+ 24. Ke2 Rxh1 25. g3 Rb1 26. f3 Rxb3 27. g4 fxg4 28. fxg4 Rb2+ 29. Kd3 Rff2 30. e4 dxe4+ 31. Kxe4 Rbe2+ 32. Kd3 c5 33. d5 exd5 34. cxd5 Qxd5# 0-1